Datum a čas kvízu
27.5
Celkem bodů
Celkový počet nahraných bodů na tomto kvízu bez doplňovacích otázek.
9.
Pořadí na kvízu
Konečné umístění týmu na tomto kvízu.
Zaznamenané odpovědi
| # | Otázka | Odpověď | Body | Výsledky |
|---|---|---|---|---|
| 1. | Který 63letý muž se ve čtvrtek... | Jiří Kajínek | 0 | |
| 2. | Vědci představili revoluční zp... | hlavy | 1 | |
| 3. | Která hollywoodská herečka si... | Scarlett Johansson | 1 | |
| 4. | V pondělí se podíval do vesmír... | nejstarší člověk ve vesmíru | 1 | |
| 5. | Který klub, jenž byl ještě ned... | Příbram | 1 | |
| 6. | Středověk bývá obvykle ohranič... | D | 0 | |
| 7. | Jak se jmenoval významný střed... | Vilém I. Dobyvatel | 0 | |
| 8. | Jak se jmenoval český kníže z... | Vratislav | 0 | |
| 9. | Vytvořte z těchto středověkých... | 1B 2C 3A 4D | 0 | |
| 10. | Závěrem tématu se podíváme na... | tulipán | 0 |